Sports Quiz

Random Sports or College Quiz
Score 0/44 Timer 05:00
5 Plays Today
School % Correct
Florida
96%
Alabama
95.6%
Texas
95.3%
Southern California
93.9%
Ohio State
93.8%
Michigan
93.2%
Florida State
91.4%
Oklahoma
91.2%
Notre Dame
85.1%
Georgia
85%
LSU
84.6%
Miami
84.2%
Oregon
82.2%
Michigan State
81.6%
UCLA
81.5%
Auburn
81%
Penn State
80.3%
Nebraska
79.2%
Tennessee
75.5%
Washington
74.7%
Texas A&M
74.2%
Wisconsin
71.4%
School % Correct
Virginia
70.7%
Mississippi
70.5%
Iowa
66.4%
California
65.8%
Arkansas
64.9%
North Carolina
63.7%
Clemson
59.4%
Colorado
59.3%
Missouri
56.9%
Minnesota
55.4%
Texas Christian
55.1%
Pittsburgh
55.1%
Mississippi State
53.6%
Syracuse
49.7%
Army
48.7%
Boston College
47.5%
Maryland
45.8%
Brigham Young
45.3%
Purdue
45.1%
Southern Methodist
34.4%
Northwestern
29.7%
Cornell
7%
Remove Ads.
Support Sporcle.
Get the best of Sporcle when you Go Orange. This ad-free experience offers more features, more stats, and more fun while also helping to support Sporcle. Thank you for becoming a member.

You're not logged in!

Compare scores with friends on all Sporcle quizzes.
OR
Log In

Sporcle TV

Today on Sporcle TV


Watch our educational content, quiz creation guides, and fun videos on Sporcle TV.

Show Comments

Extras

Top Quizzes Today


Score Distribution

Paid Content

Your Account Isn't Verified!

In order to create a playlist on Sporcle, you need to verify the email address you used during registration. Go to your Sporcle Settings to finish the process.

Report this User

Report this user for behavior that violates our Community Guidelines.

Details: